[Event "DEM U12w 2025"]
[Site "Willingen GER"]
[Date "2025.06.12"]
[Round "7"]
[White "Georgieva, Teodora"]
[Black "Kübart, Ela Marie"]
[Result "1/2-1/2"]
[Termination "normal"]
[Board "12"]
[WhiteElo "1124"]
[BlackElo "1620"]
[WhiteClock "00:10:52"]
[BlackClock "00:03:59"]
[PlyCount "88"]
[WhiteFideId "34679375"]
[BlackFideId "34633723"]
[EventCountry "GER"]
[EventRounds "9"]
[EventType "swiss"]
[EventDate "2025.06.07"]

1. e4 {[%clk 01:30:59]} e6 {[%clk 01:30:54]} {[%emt 00:00:06]} 2. d4 {[%clk
01:31:25]} {[%emt 00:00:04]} d5 {[%clk 01:31:21]} {[%emt 00:00:03]} 3. exd5
{[%clk 01:31:48]} {[%emt 00:00:07]} exd5 {[%clk 01:31:45]} {[%emt 00:00:06]} 4.
c4 {[%clk 01:32:12]} {[%emt 00:00:06]} c6 {[%clk 01:31:44]} {[%emt 00:00:31]}
5. Nc3 {[%clk 01:32:33]} {[%emt 00:00:09]} h6 {[%clk 01:30:12]} {[%emt
00:02:02]} 6. Nf3 {[%clk 01:30:16]} {[%emt 00:02:47]} Bg4 {[%clk 01:28:57]}
{[%emt 00:01:45]} 7. h3 {[%clk 01:30:38]} {[%emt 00:00:08]} Bh5 {[%clk
01:27:44]} {[%emt 00:01:43]} 8. Be2 {[%clk 01:29:23]} {[%emt 00:01:45]} Nf6
{[%clk 01:27:16]} {[%emt 00:00:57]} 9. O-O {[%clk 01:26:57]} {[%emt 00:02:56]}
Bd6 {[%clk 01:26:55]} {[%emt 00:00:51]} 10. cxd5 {[%clk 01:24:37]} {[%emt
00:02:51]} cxd5 {[%clk 01:26:14]} {[%emt 00:01:11]} 11. Ne5 {[%clk 01:23:11]}
{[%emt 00:01:55]} Bxe5 {[%clk 01:17:29]} {[%emt 00:09:16]} 12. dxe5 {[%clk
01:23:27]} {[%emt 00:00:13]} Bxe2 {[%clk 01:15:45]} {[%emt 00:02:15]} 13. Qxe2
{[%clk 01:23:48]} {[%emt 00:00:09]} Nh7 {[%clk 01:11:25]} {[%emt 00:04:50]} 14.
Qb5+ {[%clk 01:24:03]} {[%emt 00:00:14]} Qd7 {[%clk 01:11:26]} {[%emt
00:00:30]} 15. Qxd5 {[%clk 01:24:03]} {[%emt 00:00:30]} O-O {[%clk 01:08:31]}
{[%emt 00:03:26]} 16. Qxd7 {[%clk 01:23:42]} {[%emt 00:00:49]} Nxd7 {[%clk
01:08:22]} {[%emt 00:00:40]} 17. Bf4 {[%clk 01:19:58]} {[%emt 00:04:13]} Rfe8
{[%clk 01:06:35]} {[%emt 00:02:16]} 18. Rfe1 {[%clk 01:20:16]} {[%emt
00:00:13]} Nhf8 {[%clk 01:03:50]} {[%emt 00:03:16]} 19. Bg3 {[%clk 01:19:59]}
{[%emt 00:00:47]} g5 {[%clk 01:01:08]} {[%emt 00:03:11]} 20. f4 {[%clk
01:13:58]} {[%emt 00:06:32]} Ng6 {[%clk 01:00:34]} {[%emt 00:01:04]} 21. fxg5
{[%clk 01:13:35]} {[%emt 00:00:53]} hxg5 {[%clk 01:00:53]} {[%emt 00:00:11]}
22. Ne4 {[%clk 01:13:14]} {[%emt 00:00:51]} Kg7 {[%clk 00:48:37]} {[%emt
00:12:46]} 23. Nxg5 {[%clk 01:12:58]} {[%emt 00:00:46]} Ndxe5 {[%clk 00:46:28]}
{[%emt 00:02:39]} 24. Rac1 {[%clk 01:09:54]} {[%emt 00:03:34]} Nc6 {[%clk
00:37:54]} {[%emt 00:09:05]} 25. Rxe8 {[%clk 01:07:32]} {[%emt 00:02:50]} Rxe8
{[%clk 00:38:19]} {[%emt 00:00:06]} 26. Re1 {[%clk 01:06:48]} {[%emt 00:01:14]}
Rd8 {[%clk 00:34:35]} {[%emt 00:04:12]} 27. Rf1 {[%clk 01:04:30]} {[%emt
00:02:49]} Rd7 {[%clk 00:33:08]} {[%emt 00:01:57]} 28. Be1 {[%clk 01:01:18]}
{[%emt 00:03:42]} f6 {[%clk 00:24:33]} {[%emt 00:09:06]} 29. Bc3 {[%clk
01:00:44]} {[%emt 00:01:04]} Nce5 {[%clk 00:23:45]} {[%emt 00:01:17]} 30. Ne4
{[%clk 00:57:45]} {[%emt 00:03:30]} Rf7 {[%clk 00:22:00]} {[%emt 00:02:13]} 31.
Nd6 {[%clk 00:58:02]} {[%emt 00:00:13]} Rf8 {[%clk 00:18:32]} {[%emt 00:04:00]}
32. Nxb7 {[%clk 00:57:22]} {[%emt 00:01:10]} Nc4 {[%clk 00:16:00]} {[%emt
00:03:02]} 33. Nc5 {[%clk 00:55:13]} {[%emt 00:02:38]} Rf7 {[%clk 00:11:01]}
{[%emt 00:05:30]} 34. Ne6+ {[%clk 00:54:55]} {[%emt 00:00:47]} Kg8 {[%clk
00:11:15]} {[%emt 00:00:16]} 35. Bxf6 {[%clk 00:51:59]} {[%emt 00:03:27]} Nd2
{[%clk 00:10:54]} {[%emt 00:00:51]} 36. Ng5 {[%clk 00:31:52]} {[%emt 00:20:36]}
Nxf1 {[%clk 00:10:24]} {[%emt 00:01:00]} 37. Nxf7 {[%clk 00:32:17]} {[%emt
00:00:06]} Kxf7 {[%clk 00:10:04]} {[%emt 00:00:50]} 38. Bd4 {[%clk 00:32:38]}
{[%emt 00:00:09]} Nd2 {[%clk 00:09:13]} {[%emt 00:01:20]} 39. Bxa7 {[%clk
00:32:58]} {[%emt 00:00:10]} Ne4 {[%clk 00:08:57]} {[%emt 00:00:46]} 40. b4
{[%clk 00:32:16]} {[%emt 00:01:12]} Nc3 {[%clk 00:08:26]} {[%emt 00:01:01]} 41.
a3 {[%clk 00:32:18]} {[%emt 00:00:28]} Nb5 {[%clk 00:08:32]} {[%emt 00:00:17]}
42. Bc5 {[%clk 00:11:12]} {[%emt 00:21:43]} Nxa3 {[%clk 00:08:07]} {[%emt
00:00:55]} 43. Kf2 {[%clk 00:11:25]} {[%emt 00:00:17]} Ke6 {[%clk 00:04:20]}
{[%emt 00:04:16]} 44. Kg3 {[%clk 00:10:52]} {[%emt 00:01:04]} Kf5 {[%clk
00:03:59]} 1/2-1/2

[Event "DEM U12w 2025"]
[Site "Willingen GER"]
[Date "2025.06.12"]
[Round "7"]
[White "Gubler, Sarah"]
[Black "Wolf, Aurelia"]
[Result "1-0"]
[Termination "normal"]
[Board "13"]
[WhiteElo "1742"]
[BlackElo "1410"]
[WhiteClock "01:10:16"]
[BlackClock "00:36:35"]
[PlyCount "63"]
[WhiteFideId "533040699"]
[BlackFideId "34671048"]
[EventCountry "GER"]
[EventRounds "9"]
[EventType "swiss"]
[EventDate "2025.06.07"]

1. e4 {[%clk 01:30:57]} {[%emt 00:00:02]} e5 {[%clk 01:30:55]} {[%emt
00:00:07]} 2. Nf3 {[%clk 01:31:20]} {[%emt 00:00:06]} Nc6 {[%clk 01:31:20]}
{[%emt 00:00:05]} 3. Bc4 {[%clk 01:31:38]} {[%emt 00:00:11]} Nf6 {[%clk
01:31:44]} {[%emt 00:00:08]} 4. d3 {[%clk 01:31:59]} {[%emt 00:00:09]} Bc5
{[%clk 01:32:07]} {[%emt 00:00:06]} 5. Nc3 {[%clk 01:32:13]} {[%emt 00:00:16]}
O-O {[%clk 01:32:04]} {[%emt 00:00:33]} 6. a3 {[%clk 01:32:13]} {[%emt
00:00:31]} d6 {[%clk 01:31:55]} {[%emt 00:00:39]} 7. Bg5 {[%clk 01:32:04]}
{[%emt 00:00:37]} Be6 {[%clk 01:29:17]} {[%emt 00:03:09]} 8. Nd5 {[%clk
01:31:45]} {[%emt 00:00:49]} Bxd5 {[%clk 01:28:28]} {[%emt 00:01:19]} 9. exd5
{[%clk 01:31:18]} {[%emt 00:00:57]} Nd4 {[%clk 01:24:11]} {[%emt 00:04:46]} 10.
c3 {[%clk 01:30:33]} {[%emt 00:01:16]} Nxf3+ {[%clk 01:22:21]} {[%emt
00:02:20]} 11. Qxf3 {[%clk 01:30:50]} {[%emt 00:00:13]} Re8 {[%clk 01:21:02]}
{[%emt 00:01:49]} 12. O-O {[%clk 01:28:32]} {[%emt 00:02:48]} c6 {[%clk
01:18:38]} {[%emt 00:02:55]} 13. dxc6 {[%clk 01:27:16]} {[%emt 00:01:46]} bxc6
{[%clk 01:16:09]} {[%emt 00:02:58]} 14. Qxc6 {[%clk 01:26:29]} {[%emt
00:01:17]} Rc8 {[%clk 01:12:29]} {[%emt 00:04:09]} 15. Qf3 {[%clk 01:26:11]}
{[%emt 00:00:49]} h6 {[%clk 01:10:39]} {[%emt 00:02:20]} 16. Bh4 {[%clk
01:24:22]} {[%emt 00:02:19]} g5 {[%clk 01:08:52]} {[%emt 00:02:17]} 17. Bg3
{[%clk 01:24:09]} {[%emt 00:00:42]} d5 {[%clk 01:08:12]} {[%emt 00:01:11]} 18.
Ba2 {[%clk 01:23:35]} {[%emt 00:01:03]} h5 {[%clk 01:06:14]} {[%emt 00:02:29]}
19. Qf5 {[%clk 01:21:54]} {[%emt 00:02:10]} Ng4 {[%clk 01:02:07]} {[%emt
00:04:37]} 20. h3 {[%clk 01:21:14]} {[%emt 00:01:11]} Nh6 {[%clk 01:02:19]}
{[%emt 00:00:18]} 21. Qf3 {[%clk 01:20:55]} {[%emt 00:00:46]} e4 {[%clk
00:57:05]} {[%emt 00:05:47]} 22. dxe4 {[%clk 01:20:03]} {[%emt 00:01:23]} dxe4
{[%clk 00:57:20]} {[%emt 00:00:15]} 23. Qxh5 {[%clk 01:19:42]} {[%emt
00:00:50]} Qf6 {[%clk 00:55:00]} {[%emt 00:02:49]} 24. Rad1 {[%clk 01:16:55]}
{[%emt 00:03:16]} Re7 {[%clk 00:52:46]} {[%emt 00:02:46]} 25. Rd5 {[%clk
01:14:50]} {[%emt 00:02:33]} Kf8 {[%clk 00:46:21]} {[%emt 00:06:57]} 26. Rxg5
{[%clk 01:13:44]} {[%emt 00:01:35]} Bb6 {[%clk 00:45:32]} {[%emt 00:01:20]} 27.
Bh4 {[%clk 01:11:45]} {[%emt 00:02:28]} Qd6 {[%clk 00:41:14]} {[%emt 00:04:48]}
28. Rd5 {[%clk 01:11:24]} {[%emt 00:00:52]} Qc6 {[%clk 00:41:07]} {[%emt
00:00:37]} 29. Bxe7+ {[%clk 01:11:38]} {[%emt 00:00:15]} Kxe7 {[%clk 00:41:10]}
{[%emt 00:00:27]} 30. Qg5+ {[%clk 01:10:59]} {[%emt 00:01:05]} Ke8 {[%clk
00:38:17]} {[%emt 00:03:27]} 31. Re5+ {[%clk 01:10:05]} {[%emt 00:01:22]} Kd7
{[%clk 00:36:35]} {[%emt 00:02:14]} 32. Qe7# {[%clk 01:10:16]} {[%emt
00:00:19]} 1-0

[Event "DEM U12w 2025"]
[Site "Willingen GER"]
[Date "2025.06.12"]
[Round "7"]
[White "Lukas, Olivia"]
[Black "Nehrukumar, Rithika"]
[Result "1-0"]
[Termination "normal"]
[Board "15"]
[WhiteElo "1585"]
[BlackElo "1692"]
[WhiteClock "01:06:15"]
[BlackClock "00:19:39"]
[PlyCount "67"]
[WhiteFideId "34632239"]
[BlackFideId "34660550"]
[EventCountry "GER"]
[EventRounds "9"]
[EventType "swiss"]
[EventDate "2025.06.07"]

1. e4 {[%clk 01:30:47]} {[%emt 00:00:12]} e5 {[%clk 01:30:52]} {[%emt
00:00:09]} 2. Nf3 {[%clk 01:31:15]} {[%emt 00:00:03]} Nc6 {[%clk 01:31:15]}
{[%emt 00:00:06]} 3. Bc4 {[%clk 01:31:42]} {[%emt 00:00:03]} Bc5 {[%clk
01:31:38]} {[%emt 00:00:07]} 4. c3 {[%clk 01:32:08]} {[%emt 00:00:04]} Nf6
{[%clk 01:31:59]} {[%emt 00:00:10]} 5. d3 {[%clk 01:32:35]} {[%emt 00:00:03]}
d6 {[%clk 01:32:12]} {[%emt 00:00:16]} 6. Nbd2 {[%clk 01:32:56]} {[%emt
00:00:08]} O-O {[%clk 01:30:44]} {[%emt 00:02:00]} 7. Bb3 {[%clk 01:33:19]}
{[%emt 00:00:07]} Bg4 {[%clk 01:29:52]} {[%emt 00:01:19]} 8. h3 {[%clk
01:33:11]} {[%emt 00:00:40]} Be6 {[%clk 01:30:00]} {[%emt 00:00:19]} 9. O-O
{[%clk 01:32:59]} {[%emt 00:00:45]} h6 {[%clk 01:28:54]} {[%emt 00:01:37]} 10.
Re1 {[%clk 01:33:24]} {[%emt 00:00:05]} Ne7 {[%clk 01:26:16]} {[%emt 00:03:08]}
11. Nf1 {[%clk 01:19:39]} {[%emt 00:14:15]} Ng6 {[%clk 01:08:53]} {[%emt
00:17:52]} 12. Ng3 {[%clk 01:20:03]} {[%emt 00:00:06]} Qd7 {[%clk 01:06:41]}
{[%emt 00:02:42]} 13. d4 {[%clk 01:18:53]} {[%emt 00:01:40]} Bxb3 {[%clk
01:00:17]} {[%emt 00:06:54]} 14. Qxb3 {[%clk 01:17:25]} {[%emt 00:01:57]} exd4
{[%clk 01:00:27]} {[%emt 00:00:21]} 15. cxd4 {[%clk 01:17:50]} {[%emt
00:00:06]} Bb6 {[%clk 01:00:05]} {[%emt 00:00:52]} 16. Qc3 {[%clk 01:11:50]}
{[%emt 00:06:29]} Qb5 {[%clk 00:51:34]} {[%emt 00:09:01]} 17. a4 {[%clk
01:11:50]} {[%emt 00:00:30]} Qa5 {[%clk 00:46:47]} {[%emt 00:05:17]} 18. b4
{[%clk 01:12:08]} {[%emt 00:00:12]} Bxd4 {[%clk 00:41:29]} {[%emt 00:05:49]}
19. Qxd4 {[%clk 01:10:54]} {[%emt 00:01:43]} Qb6 {[%clk 00:38:02]} {[%emt
00:03:55]} 20. Qc3 {[%clk 01:09:42]} {[%emt 00:01:44]} c6 {[%clk 00:34:07]}
{[%emt 00:04:25]} 21. Bxh6 {[%clk 01:08:40]} {[%emt 00:01:32]} gxh6 {[%clk
00:25:03]} {[%emt 00:09:34]} 22. Qxf6 {[%clk 01:09:03]} {[%emt 00:00:07]} Qd8
{[%clk 00:25:22]} {[%emt 00:00:11]} 23. Qd4 {[%clk 01:08:31]} {[%emt 00:01:02]}
f6 {[%clk 00:22:35]} {[%emt 00:03:17]} 24. Nf5 {[%clk 01:08:24]} {[%emt
00:00:32]} Kf7 {[%clk 00:18:53]} {[%emt 00:04:17]} 25. Nxh6+ {[%clk 01:07:40]}
{[%emt 00:01:13]} Ke8 {[%clk 00:18:48]} {[%emt 00:00:36]} 26. Nf5 {[%clk
01:06:37]} {[%emt 00:01:32]} Kd7 {[%clk 00:18:43]} {[%emt 00:00:35]} 27. Qxd6+
{[%clk 01:06:11]} {[%emt 00:00:56]} Kc8 {[%clk 00:18:39]} {[%emt 00:00:34]} 28.
Qxd8+ {[%clk 01:05:32]} {[%emt 00:01:09]} Rxd8 {[%clk 00:19:06]} {[%emt
00:00:04]} 29. Red1 {[%clk 01:05:39]} {[%emt 00:00:22]} Kc7 {[%clk 00:19:33]}
{[%emt 00:00:04]} 30. N3d4 {[%clk 01:05:42]} {[%emt 00:00:26]} Rd6 {[%clk
00:19:30]} {[%emt 00:00:32]} 31. Nb5+ {[%clk 01:05:02]} {[%emt 00:01:11]} cxb5
{[%clk 00:19:44]} {[%emt 00:00:16]} 32. Rxd6 {[%clk 01:05:24]} {[%emt
00:00:08]} bxa4 {[%clk 00:19:24]} {[%emt 00:00:50]} 33. Rc1+ {[%clk 01:05:49]}
{[%emt 00:00:05]} Kb8 {[%clk 00:19:39]} {[%emt 00:00:16]} 34. Rd8# {[%clk
01:06:15]} {[%emt 00:00:03]} 1-0

[Event "DEM U12w 2025"]
[Site "Willingen GER"]
[Date "2025.06.12"]
[Round "7"]
[White "Greither, Flora"]
[Black "Hendler, Felicitas"]
[Result "1/2-1/2"]
[Termination "normal"]
[Board "16"]
[WhiteElo "1562"]
[BlackElo "1519"]
[WhiteClock "00:42:17"]
[BlackClock "00:06:35"]
[PlyCount "60"]
[WhiteFideId "533000697"]
[BlackFideId "34616519"]
[EventCountry "GER"]
[EventRounds "9"]
[EventType "swiss"]
[EventDate "2025.06.07"]

1. d4 {[%clk 01:30:57]} {[%emt 00:00:02]} d5 {[%clk 01:29:40]} {[%emt
00:01:20]} 2. c4 {[%clk 01:31:01]} {[%emt 00:00:25]} e6 {[%clk 01:28:45]}
{[%emt 00:01:26]} 3. Nc3 {[%clk 01:31:20]} {[%emt 00:00:11]} c5 {[%clk
01:26:41]} {[%emt 00:02:34]} 4. cxd5 {[%clk 01:30:57]} {[%emt 00:00:53]} cxd4
{[%clk 01:25:33]} {[%emt 00:01:37]} 5. Qxd4 {[%clk 01:30:32]} {[%emt 00:00:55]}
Nc6 {[%clk 01:24:19]} {[%emt 00:01:45]} 6. Qd1 {[%clk 01:30:32]} {[%emt
00:00:30]} exd5 {[%clk 01:21:02]} {[%emt 00:03:46]} 7. Qxd5 {[%clk 01:30:17]}
{[%emt 00:00:46]} Nf6 {[%clk 01:20:20]} {[%emt 00:01:12]} 8. Qxd8+ {[%clk
01:30:07]} {[%emt 00:00:40]} Nxd8 {[%clk 01:19:46]} {[%emt 00:01:04]} 9. Nf3
{[%clk 01:29:43]} {[%emt 00:00:55]} Bc5 {[%clk 01:14:27]} {[%emt 00:05:48]} 10.
Bg5 {[%clk 01:28:36]} {[%emt 00:01:37]} O-O {[%clk 01:11:12]} {[%emt 00:03:45]}
11. e3 {[%clk 01:26:39]} {[%emt 00:02:28]} Bf5 {[%clk 01:05:46]} {[%emt
00:05:54]} 12. Bc4 {[%clk 01:26:22]} {[%emt 00:00:47]} Rc8 {[%clk 01:02:32]}
{[%emt 00:03:45]} 13. Be2 {[%clk 01:25:51]} {[%emt 00:01:01]} Ne6 {[%clk
00:57:20]} {[%emt 00:05:41]} 14. Bh4 {[%clk 01:24:56]} {[%emt 00:01:25]} Bb4
{[%emt 00:22:45]} 15. O-O {[%clk 01:21:49]} {[%emt 00:03:05]} Bxc3 {[%clk
00:33:10]} {[%emt 00:02:58]} 16. bxc3 {[%clk 01:22:09]} {[%emt 00:00:10]} Nd5
{[%clk 00:30:56]} {[%emt 00:02:43]} 17. Ng5 {[%clk 01:11:27]} {[%emt 00:11:12]}
Nxc3 {[%clk 00:27:17]} {[%emt 00:04:10]} 18. Bf3 {[%clk 01:11:47]} {[%emt
00:00:10]} b6 {[%clk 00:18:18]} {[%emt 00:09:29]} 19. Nxe6 {[%clk 01:10:36]}
{[%emt 00:01:41]} Bxe6 {[%clk 00:18:33]} {[%emt 00:00:14]} 20. a3 {[%clk
01:09:51]} {[%emt 00:01:16]} Bd5 {[%clk 00:17:45]} {[%emt 00:01:18]} 21. Bxd5
{[%clk 01:08:17]} {[%emt 00:02:04]} Nxd5 {[%clk 00:17:58]} {[%emt 00:00:17]}
22. Rfd1 {[%clk 01:07:04]} {[%emt 00:01:43]} Nf6 {[%clk 00:14:02]} {[%emt
00:04:26]} 23. h3 {[%clk 01:05:20]} {[%emt 00:02:14]} h6 {[%clk 00:12:55]}
{[%emt 00:01:37]} 24. f3 {[%clk 01:02:09]} {[%emt 00:03:41]} Rc2 {[%clk
00:11:47]} {[%emt 00:01:38]} 25. e4 {[%clk 01:00:50]} {[%emt 00:01:50]} Rfc8
{[%clk 00:10:59]} {[%emt 00:01:17]} 26. e5 {[%clk 00:53:13]} {[%emt 00:08:07]}
Nh5 {[%clk 00:10:32]} {[%emt 00:00:56]} 27. Rd4 {[%clk 00:44:56]} {[%emt
00:08:48]} g5 {[%clk 00:08:52]} {[%emt 00:02:09]} 28. Be1 {[%clk 00:43:06]}
{[%emt 00:02:15]} Nf4 {[%clk 00:08:24]} {[%emt 00:01:03]} 29. Rd2 {[%clk
00:42:08]} {[%emt 00:01:29]} Rxd2 {[%clk 00:07:13]} {[%emt 00:01:42]} 30. Bxd2
{[%clk 00:42:17]} {[%emt 00:00:20]} Rc2 {[%clk 00:06:35]} {[%emt 00:01:08]}
1/2-1/2

[Event "DEM U12w 2025"]
[Site "Willingen GER"]
[Date "2025.06.12"]
[Round "7"]
[White "Sriram, Yashasri"]
[Black "Preißler, Enie"]
[Result "1/2-1/2"]
[Termination "normal"]
[Board "17"]
[WhiteElo "1547"]
[BlackElo "1113"]
[WhiteClock "01:00:29"]
[BlackClock "00:37:57"]
[PlyCount "72"]
[WhiteFideId "34656243"]
[BlackFideId "533039151"]
[EventCountry "GER"]
[EventRounds "9"]
[EventType "swiss"]
[EventDate "2025.06.07"]

1. e4 {[%clk 01:30:38]} {[%emt 00:00:21]} c5 {[%clk 01:30:54]} {[%emt
00:00:07]} 2. c3 {[%clk 01:31:04]} {[%emt 00:00:04]} d5 {[%clk 01:31:09]}
{[%emt 00:00:15]} 3. exd5 {[%clk 01:31:27]} {[%emt 00:00:06]} Qxd5 {[%clk
01:31:30]} {[%emt 00:00:10]} 4. Nf3 {[%clk 01:31:50]} {[%emt 00:00:06]} Nf6
{[%clk 01:30:35]} {[%emt 00:01:25]} 5. d4 {[%clk 01:32:14]} {[%emt 00:00:06]}
e6 {[%clk 01:29:48]} {[%emt 00:01:17]} 6. Na3 {[%clk 01:32:10]} {[%emt
00:00:34]} Qd8 {[%clk 01:24:49]} {[%emt 00:05:30]} 7. Bg5 {[%clk 01:31:18]}
{[%emt 00:01:21]} Be7 {[%clk 01:23:39]} {[%emt 00:01:41]} 8. dxc5 {[%clk
01:30:28]} {[%emt 00:01:20]} Qxd1+ {[%clk 01:05:51]} {[%emt 00:18:17]} 9. Rxd1
{[%clk 01:30:15]} {[%emt 00:00:43]} Ne4 {[%clk 01:03:53]} {[%emt 00:02:28]} 10.
Bxe7 {[%clk 01:28:56]} {[%emt 00:01:50]} Kxe7 {[%clk 01:04:11]} {[%emt
00:00:12]} 11. Nb5 {[%clk 01:28:21]} {[%emt 00:01:04]} a6 {[%clk 01:02:17]}
{[%emt 00:02:25]} 12. Nd6 {[%clk 01:27:50]} {[%emt 00:01:00]} Nxc5 {[%clk
01:01:03]} {[%emt 00:01:45]} 13. Nxc8+ {[%clk 01:25:19]} {[%emt 00:03:00]} Rxc8
{[%clk 01:01:21]} {[%emt 00:00:12]} 14. Be2 {[%clk 01:23:44]} {[%emt 00:02:05]}
Nc6 {[%clk 00:58:51]} {[%emt 00:03:01]} 15. O-O {[%clk 01:21:15]} {[%emt
00:02:58]} Rd8 {[%clk 00:56:54]} {[%emt 00:02:27]} 16. Nd4 {[%clk 01:16:22]}
{[%emt 00:05:24]} Nxd4 {[%clk 00:52:59]} {[%emt 00:04:25]} 17. cxd4 {[%clk
01:15:12]} {[%emt 00:01:38]} Na4 {[%clk 00:49:48]} {[%emt 00:03:42]} 18. Rfe1
{[%clk 01:12:47]} {[%emt 00:02:54]} b5 {[%clk 00:46:20]} {[%emt 00:03:59]} 19.
Rd2 {[%clk 01:10:59]} {[%emt 00:02:18]} Rd6 {[%clk 00:45:02]} {[%emt 00:01:48]}
20. Rc1 {[%clk 01:05:44]} {[%emt 00:05:45]} Rad8 {[%clk 00:42:52]} {[%emt
00:02:40]} 21. b3 {[%clk 01:04:42]} {[%emt 00:01:32]} Nb6 {[%clk 00:41:32]}
{[%emt 00:01:50]} 22. Rcd1 {[%clk 01:04:39]} {[%emt 00:00:32]} e5 {[%clk
00:41:23]} {[%emt 00:00:40]} 23. Rd3 {[%clk 01:02:52]} {[%emt 00:02:17]} Rxd4
{[%clk 00:41:08]} {[%emt 00:00:45]} 24. Rxd4 {[%clk 01:03:00]} {[%emt
00:00:22]} Rxd4 {[%clk 00:41:29]} {[%emt 00:00:09]} 25. Rxd4 {[%clk 01:02:59]}
{[%emt 00:00:31]} exd4 {[%clk 00:41:51]} {[%emt 00:00:07]} 26. Bf3 {[%clk
01:03:06]} {[%emt 00:00:23]} Kd6 {[%clk 00:41:05]} {[%emt 00:01:16]} 27. Kf1
{[%clk 01:02:56]} {[%emt 00:00:40]} Kc5 {[%clk 00:39:59]} {[%emt 00:01:37]} 28.
a3 {[%clk 01:02:32]} {[%emt 00:00:54]} a5 {[%clk 00:39:47]} {[%emt 00:00:42]}
29. Ke2 {[%clk 01:01:49]} {[%emt 00:01:13]} Nd5 {[%clk 00:39:34]} {[%emt
00:00:43]} 30. Kd3 {[%clk 01:01:15]} {[%emt 00:01:04]} f5 {[%clk 00:39:13]}
{[%emt 00:00:51]} 31. Bxd5 {[%clk 00:59:48]} {[%emt 00:01:57]} Kxd5 {[%clk
00:39:33]} {[%emt 00:00:10]} 32. f4 {[%clk 01:00:14]} {[%emt 00:00:04]} h6
{[%clk 00:38:37]} {[%emt 00:01:26]} 33. g3 {[%clk 00:59:32]} {[%emt 00:01:11]}
g5 {[%clk 00:38:25]} {[%emt 00:00:41]} 34. h3 {[%clk 00:59:43]} {[%emt
00:00:20]} gxf4 {[%clk 00:38:25]} {[%emt 00:00:31]} 35. gxf4 {[%clk 01:00:04]}
{[%emt 00:00:08]} h5 {[%clk 00:38:18]} {[%emt 00:00:37]} 36. h4 {[%clk
01:00:29]} {[%emt 00:00:06]} a4 {[%clk 00:37:57]} {[%emt 00:00:51]} 1/2-1/2

[Event "DEM U12w 2025"]
[Site "Willingen GER"]
[Date "2025.06.12"]
[Round "7"]
[White "Sniegowski, Victoria"]
[Black "Vasilieva, Victoria"]
[Result "1-0"]
[Termination "normal"]
[Board "18"]
[WhiteElo "1525"]
[BlackElo "1554"]
[WhiteClock "00:40:14"]
[BlackClock "00:47:09"]
[PlyCount "63"]
[WhiteFideId "34675612"]
[BlackFideId "533007071"]
[EventCountry "GER"]
[EventRounds "9"]
[EventType "swiss"]
[EventDate "2025.06.07"]

1. e4 {[%clk 01:30:58]} {[%emt 00:00:01]} c6 {[%clk 01:30:52]} {[%emt
00:00:09]} 2. d4 {[%clk 01:31:17]} {[%emt 00:00:11]} d5 {[%clk 01:31:11]}
{[%emt 00:00:10]} 3. e5 {[%clk 01:31:33]} {[%emt 00:00:15]} c5 {[%clk
01:31:24]} {[%emt 00:00:17]} 4. dxc5 {[%clk 01:28:40]} {[%emt 00:03:23]} Bf5
{[%clk 01:28:33]} {[%emt 00:03:20]} 5. Nf3 {[%clk 01:28:43]} {[%emt 00:00:28]}
e6 {[%clk 01:28:24]} {[%emt 00:00:39]} 6. Bd3 {[%clk 01:27:09]} {[%emt
00:02:04]} Bxd3 {[%clk 01:28:17]} {[%emt 00:00:37]} 7. Qxd3 {[%clk 01:27:31]}
{[%emt 00:00:08]} a6 {[%clk 01:27:19]} {[%emt 00:01:28]} 8. Nbd2 {[%clk
01:23:11]} {[%emt 00:04:50]} Bxc5 {[%clk 01:22:54]} {[%emt 00:04:55]} 9. c4
{[%clk 01:18:58]} {[%emt 00:04:43]} Ne7 {[%clk 01:18:29]} {[%emt 00:04:54]} 10.
O-O {[%clk 01:18:33]} {[%emt 00:00:55]} O-O {[%clk 01:18:01]} {[%emt 00:00:57]}
11. Nb3 {[%clk 01:12:22]} {[%emt 00:06:43]} Bb6 {[%clk 01:16:00]} {[%emt
00:02:14]} 12. cxd5 {[%clk 01:06:02]} {[%emt 00:07:07]} Nxd5 {[%clk 01:14:58]}
{[%emt 00:01:31]} 13. Ng5 {[%clk 01:05:36]} {[%emt 00:00:56]} g6 {[%clk
01:14:01]} {[%emt 00:01:26]} 14. Qh3 {[%clk 01:04:56]} {[%emt 00:01:06]} h5
{[%clk 01:13:37]} {[%emt 00:00:59]} 15. Rd1 {[%clk 01:03:23]} {[%emt 00:02:04]}
Re8 {[%clk 01:10:38]} {[%emt 00:03:25]} 16. Ne4 {[%clk 01:01:01]} {[%emt
00:02:56]} Kg7 {[%clk 01:04:58]} {[%emt 00:06:07]} 17. Bg5 {[%clk 01:00:05]}
{[%emt 00:01:28]} Qd7 {[%clk 01:01:54]} {[%emt 00:03:27]} 18. Nf6 {[%clk
00:57:58]} {[%emt 00:02:45]} Qd8 {[%clk 01:01:48]} {[%emt 00:00:36]} 19. Nxe8+
{[%clk 00:56:57]} {[%emt 00:01:31]} Qxe8 {[%clk 01:00:53]} {[%emt 00:01:24]}
20. Rac1 {[%clk 00:54:14]} {[%emt 00:03:13]} Nc6 {[%clk 00:59:01]} {[%emt
00:02:21]} 21. Qg3 {[%clk 00:48:51]} {[%emt 00:05:48]} Bc7 {[%clk 00:58:35]}
{[%emt 00:00:59]} 22. Bf6+ {[%clk 00:48:06]} {[%emt 00:01:19]} Kf8 {[%clk
00:58:12]} {[%emt 00:00:50]} 23. f4 {[%clk 00:47:23]} {[%emt 00:01:15]} Bb6+
{[%clk 00:56:12]} {[%emt 00:02:25]} 24. Kh1 {[%clk 00:46:26]} {[%emt 00:01:28]}
Be3 {[%clk 00:55:57]} {[%emt 00:00:48]} 25. Rc4 {[%clk 00:44:30]} {[%emt
00:02:28]} b5 {[%clk 00:52:34]} {[%emt 00:03:53]} 26. Re4 {[%clk 00:42:23]}
{[%emt 00:02:37]} a5 {[%clk 00:50:36]} {[%emt 00:02:28]} 27. Rxe3 {[%clk
00:42:20]} {[%emt 00:00:34]} Nxe3 {[%clk 00:49:52]} {[%emt 00:01:13]} 28. Qxe3
{[%clk 00:42:39]} {[%emt 00:00:11]} Nb4 {[%clk 00:49:40]} {[%emt 00:00:41]} 29.
a3 {[%clk 00:41:22]} {[%emt 00:01:48]} Nd5 {[%clk 00:48:15]} {[%emt 00:01:45]}
30. Qg3 {[%clk 00:40:47]} {[%emt 00:01:11]} Nxf6 {[%clk 00:47:43]} {[%emt
00:01:06]} 31. exf6 {[%clk 00:41:05]} {[%emt 00:00:13]} Qc6 {[%clk 00:47:09]}
{[%emt 00:00:56]} 32. Qg5 {[%clk 00:40:14]} {[%emt 00:01:27]} 1-0